Shareholder value - a business experience
Salvato in:
| Autore principale: | |
|---|---|
| Natura: | Libro |
| Lingua: | inglese |
| Pubblicazione: |
Oxford
Butterworth-Heinemann
2001
|
| Soggetti: | |
| Tags: |
Nessun Tag, puoi essere il primo ad aggiungerne!!
|
MARC
| LEADER | 00000nam a2200000 4500 | ||
|---|---|---|---|
| 001 | c137820 | ||
| 005 | 20221124105413.0 | ||
| 020 | |a 0-7506-5382-5 | ||
| 041 | 0 | |a eng | |
| 044 | |a GB | ||
| 245 | 1 | 0 | |a Shareholder value - a business experience |c Roy E. Johnson |
| 264 | 1 | |a Oxford |b Butterworth-Heinemann |c 2001 | |
| 300 | |a 464 s. | ||
| 610 | 2 | 0 | |a akcionári |
| 610 | 2 | 0 | |a hodnota |
| 610 | 2 | 0 | |a zisk |
| 610 | 2 | 0 | |a zisk ekonomický |
| 610 | 2 | 0 | |a zisk podnikateľský |
| 610 | 2 | 0 | |a analýza finančná |
| 610 | 2 | 0 | |a investície |
| 610 | 2 | 0 | |a investovanie |
| 610 | 2 | 0 | |a plánovanie finančné |
| 610 | 2 | 0 | |a kontrola finančná |
| 100 | 1 | |a Johnson, Roy E. | |